| 000 | 00692nac a22002051u 4500 | ||
|---|---|---|---|
| 010 | _a 98013194 | ||
| 020 | _a0137799845 | ||
| 082 | 0 | 0 |
_a621.382 _bY681 |
| 090 |
_c420 _d420 |
||
| 100 | _aYoung, Paul H., | ||
| 245 | 1 | 0 |
_aElectronic communication techniques / _cPaul H. Young. |
| 250 | _a4th ed. | ||
| 260 |
_aUpper Saddle River, N.J. : _bPrentice Hall, _cc1999. |
||
| 300 |
_a1 v. (various pagings) : _bill. ; _c24 cm. |
||
| 500 | _aIncludes index. | ||
| 650 | 0 | _aTelecommunication. | |
| 650 | 0 | _aElectronics. | |
| 942 |
_cBB _k621.382Y681 |
||
| 999 |
_c420 _d420 |
||